00462nam a2200145 a 450000100100000000500170001000800410002704000250006810000320009324500850012526000430021030000210025349000210027483000210029500003438020200930073653.0111004s1989 ag 000 0 spa d aDO-SdBNPbspacBNPHU1 aSpock, Benjamin,d1903-199810aTu hijo /cBenjamin Spock, Michael B. Rothenberg ; traducción Floreal Mazía. aBuenos Aires :bJavier Vergara,c1989. a590 p. ;c24 cm.1 aPara vivir mejor 0aPara vivir mejor